| 000 | 00400nam a2200145Ia 4500 | ||
|---|---|---|---|
| 008 | 240729s9999 xx 000 0 und d | ||
| 022 | _a2774-3047 | ||
| 245 | 0 | _aJournal of Multidisciplinary Applied Natural Science | |
| 260 | _aIndonesia | ||
| 260 | _bPandawa Institute | ||
| 650 | _aScience | ||
| 856 | _uhttps://doaj.org/toc/0749331d72524cc58c7ef985a1f3330a | ||
| 942 | _2ddc | ||
| 942 | _cDOAJEJ | ||
| 999 |
_c66954 _d66954 |
||
| 945 |
_a1 _bMadushi Gamage _c1 _dMadushi Gamage |
||